01097 2200241 4500001002100000005001500021035002000036007000300056008004100059020002200100082001100122084001800133100002700151245054600178250001100724260003600735300002200771600001000793990001300803990001300816990001300829990001300842INLIS00000000000578520201215113900 a0010-1220000177ta201215 g 0 ind  a978-602-391-719-8 a297.12 a297.12 FAQ e0 aFaqihuddin Abdul Kodir1 a60 HADITS SHAHIH ( Khusus tetang hak-hak perempuan dalam islam dilengkapi penafsiran ) :bKompilasi 60 hadits dalam buku ini ingin mengenalkan sisi lain dari hadits-hadits yang lebih fundamental yang seharusnya menjadi rujukan utama dibanding hadits dengan tema-tema yang nge-pop diatas. melalui buku ini, diharapkan masyarakat bisa mengenali sikap islam terhadap perempuan dari teks sumber yang sangat otoritatif bahwa posisi pria dan perempuan dalam islam sebagai manusia yang utuh adalah setara dengan laki-laki. /cFaqihuddin Abdul Kodir aCet. 1 aYogyakarta :bDiva Press,c2019 a276 ;c14 x 20 cm 4aagama a58915891 a58955895 a58955895 a58955895